Introduction to molecular structure and spectroscopy /

Guardado en:
Autor Principal: Guillory, William A.
Formato: Libro
Idioma:English
Publicado: Boston : Allyn and Bacon, c1977.
Series:The Allyn and Bacon chemistry series
Materias:
Etiquetas: Agregar Etiqueta
Sin Etiquetas, Sea el primero en etiquetar este registro!
LEADER 00703pam a22001935a 4500
001 EIQ.libpla000014
008 761115s1977####maua#####b####001#0#eng#d
005 20071226160418.0
245 1 0 |a Introduction to molecular structure and spectroscopy /  |c William A. Guillory. 
260 |a Boston :  |b Allyn and Bacon,  |c c1977. 
300 |a xv, 411 p. :  |b il., tablas ;  |c 24 cm. 
490 0 |a The Allyn and Bacon chemistry series 
504 |a Incluye bibliografía e índice. 
020 |a 0205057187 
100 1 |a Guillory, William A. 
650 4 |a Estructura molecular  |x Introducción. 
650 4 |a Molecular structure  |x Introduction. 
040 |a AR-BbSID  |b spa  |c AR-BbSID 
859 |a AR-BbSID  |b BIB. PLAPIQUI  |h 535.84  |i G 94  |p 5451